La llamada del Señor / (Record no. 90122)

MARC details
000 -LEADER
campo de control de longitud fija 00587nam a2200181 i 4500
001 - NÚMERO DE CONTROL
campo de control 90122
003 - IDENTIFICADOR DE NÚMERO DE CONTROL
campo de control ES-MaACL
005 - FECHA Y HORA DE LA ÚLTIMA TRANSACCIÓN
campo de control 20230906180345.0
007 - CAMPO FIJO DE DESCRIPCIÓN FÍSICA--INFORMACIÓN GENERAL
campo de control de longitud fija t|
008 - DATOS DE LONGITUD FIJA--INFORMACIÓN GENERAL
campo de control de longitud fija 050118s1965 sp ||||1| spa d
100 1# - ENTRADA PRINCIPAL--NOMBRE DE PERSONA
Nombre de persona Lefebvre, Xavier.
9 (RLIN) 71230
245 13 - MENCIÓN DEL TÍTULO
Título La llamada del Señor /
Mención de responsabilidad, etc. Xavier Lefebvre, Luis Perin ; [versión castellana de Isidro Larrauri].
260 ## - PUBLICACIÓN, DISTRIBUCIÓN, ETC.
Lugar de publicación, distribución, etc. [Bilbao] :
Nombre del editor, distribuidor, etc. Desclée de Brouwer :
-- [La Editorial Vizcaina],
Fecha de publicación, distribución, etc. 1965.
300 ## - DESCRIPCIÓN FÍSICA
Extensión 470 p. ;
Dimensiones 19 cm.
700 1# - ENTRADA AGREGADA--NOMBRE PERSONAL
Nombre de persona Perin, Luis.
9 (RLIN) 91271
700 1# - ENTRADA AGREGADA--NOMBRE PERSONAL
Nombre de persona Larrauri, Isidro.
9 (RLIN) 70321
852 ## - LOCALIZACIÓN
Ubicación ES-MaACL
Número de control de estantería C-27704
Sublocalización o colección R.56712
Holdings
Estatus retirado Estado de pérdida Estado de daño No para préstamo Biblioteca de origen Biblioteca actual Ubicación en estantería Fecha de adquisición Fuente de adquisición Total de préstamos Signatura topográfica completa Código de barras Visto por última vez Precio de reemplazo Tipo de ítem Koha
        Biblioteca del Ateneo de Madrid Biblioteca del Ateneo de Madrid Depósito 2 17/01/2008     C-27704 1094115 23/02/2023 23/02/2023 Libro impreso